[Event "Semriach op 11th"]
[Site "Semriach"]
[Date "2012.04.29"]
[Round "3.1"]
[White "Zwettler, Martin"]
[Black "Matevosyan, Andy"]
[Result "1/2-1/2"]
[WhiteElo "2175"]
[BlackElo "2129"]
[PlyCount "49"]
[EventDate "2012.04.27"]
[EventType "swiss"]
[EventRounds "5"]
[EventCountry "AUT"]
[SourceTitle "EXT 2024"]
[Source "ChessBase"]
[SourceDate "2023.10.10"]
[SourceVersion "1"]
[SourceVersionDate "2023.10.10"]
[SourceQuality "1"]

1. d4 Nf6 2. Nf3 d6 3. Nc3 Nbd7 4. e4 e5 5. Bc4 Be7 6. 0-0 0-0 7. Re1 c6 8. a4 a5 9. h3 exd4 10. Qxd4 Nc5 11. Bf4 Be6 12. Rad1 Ne8 13. b3 Bxc4 14. Qxc4 Ne6 15. Be3 N8c7 16. Rd2 Kh8 17. Qd3 Na6 18. Nd4 Nac5 19. Qc4 Nxd4 20. Bxd4 Ne6 21. Be3 Qd7 22. Qd3 Qc7 23. Ne2 Rad8 24. c4 Bf6 25. Red1 1/2-1/2

[Event "Niederoesterreich Landesliga 1112"]
[Site "Austria"]
[Date "2012.01.29"]
[Round "7"]
[White "Matevosyan, Andy"]
[Black "Winiwarter, Felix"]
[Result "1/2-1/2"]
[WhiteElo "2129"]
[BlackElo "2167"]
[PlyCount "48"]
[EventDate "2011.09.18"]
[EventType "team-tourn"]
[EventRounds "11"]
[EventCountry "AUT"]
[SourceTitle "EXT 2022"]
[Source "ChessBase"]
[SourceDate "2021.10.06"]
[SourceVersion "1"]
[SourceVersionDate "2021.10.06"]
[SourceQuality "1"]

1. e4 e5 2. Nf3 Nc6 3. Nc3 Nf6 4. Bb5 Bc5 5. 0-0 d6 6. h3 0-0 7. d3 Ne7 8. Bg5 Ng6 9. Bc4 h6 10. Be3 Bb6 11. Qd2 Kh7 12. d4 Qe7 13. d5 Nh5 14. Ne2 Qf6 15. Nh2 Qh4 16. Bd3 f5 17. exf5 Bxf5 18. Bxf5 Rxf5 19. Ng4 Raf8 20. Bxh6 Rxf2 21. Be3 Rxf1+ 22. Rxf1 Rxf1+ 23. Kxf1 Ng3+ 24. Nxg3 Qxg3 1/2-1/2

[Event "Niederoesterreich Landesliga 1112"]
[Site "Austria"]
[Date "2011.12.11"]
[Round "6"]
[White "Matevosyan, Andy"]
[Black "Herndlbauer, Martin"]
[Result "1-0"]
[WhiteElo "2129"]
[BlackElo "2118"]
[PlyCount "87"]
[EventDate "2011.09.18"]
[EventType "team-tourn"]
[EventRounds "11"]
[EventCountry "AUT"]
[SourceTitle "EXT 2022"]
[Source "ChessBase"]
[SourceDate "2021.10.06"]
[SourceVersion "1"]
[SourceVersionDate "2021.10.06"]
[SourceQuality "1"]

1. e4 d5 2. exd5 Qxd5 3. Nc3 Qa5 4. d4 c6 5. Nf3 Nf6 6. Bc4 Bf5 7. Bf4 e6 8. 0-0 Nbd7 9. Qe2 Be7 10. Rfe1 0-0 11. a3 Bg6 12. Bxe6 fxe6 13. Qxe6+ Kh8 14. Qxe7 Bxc2 15. Ne5 Rae8 16. Qd6 Rd8 17. Qe6 Nxe5 18. dxe5 Nd5 19. Nxd5 cxd5 20. Bg5 Rde8 21. Qd6 h6 22. b4 Qb5 23. Bxh6 gxh6 24. Qxh6+ Bh7 25. e6 Qb6 26. Re3 Qd4 27. Rf1 Qf6 28. Qh5 d4 29. Rh3 Qf5 30. Qd1 d3 31. Qa1+ Qf6 32. Qd1 Qd4 33. Qh5 Re7 34. Qh6 Qf6 35. Qe3 Rd8 36. Rh6 Qf5 37. h3 Kg7 38. g4 Qd5 39. Qf4 Rxe6 40. Rxe6 Qxe6 41. Qg5+ Kf7 42. Qxd8 Qe2 43. Qd7+ Kg8 44. Rc1 1-0

[Event "Niederoesterreich Landesliga 1011"]
[Site "Austria"]
[Date "2010.10.10"]
[Round "3"]
[White "Matevosyan, Andy"]
[Black "Wagner, Stefan"]
[Result "0-1"]
[WhiteElo "2102"]
[BlackElo "2148"]
[PlyCount "64"]
[EventDate "2010.09.12"]
[EventType "team-tourn"]
[EventRounds "13"]
[EventCountry "AUT"]
[SourceTitle "EXT 2022"]
[Source "ChessBase"]
[SourceDate "2021.10.06"]
[SourceVersion "1"]
[SourceVersionDate "2021.10.06"]
[SourceQuality "1"]

1. e4 d5 2. exd5 Qxd5 3. Nc3 Qa5 4. d4 Nf6 5. Nf3 Bf5 6. Bd2 c6 7. Bc4 e6 8. 0-0 Bb4 9. a3 Bxc3 10. Bxc3 Qc7 11. Ne5 Nbd7 12. Qe2 0-0 13. Rac1 a5 14. Bd2 Nxe5 15. dxe5 Nd5 16. Ba2 Rfd8 17. Bg5 Rd7 18. c4 Ne7 19. Rc3 h6 20. Bxe7 Rxe7 21. Bb1 Bxb1 22. Rxb1 Rd7 23. Rg3 Rad8 24. h3 Rd2 25. Qe3 Kh8 26. b4 axb4 27. Rxb4 Rd1+ 28. Kh2 Rf1 29. c5 Rdd1 30. Rf3 f5 31. h4 Qf7 32. Rh3 Qg6 0-1

[Event "Niederoesterreich Landesliga 0910"]
[Site "Austria"]
[Date "2010.02.21"]
[Round "9"]
[White "Ebner, Johann"]
[Black "Matevosyan, Andy"]
[Result "0-1"]
[WhiteElo "2043"]
[BlackElo "2182"]
[PlyCount "86"]
[EventDate "2009.09.06"]
[EventType "team-tourn"]
[EventRounds "11"]
[EventCountry "AUT"]
[SourceTitle "EXT 2022"]
[Source "ChessBase"]
[SourceDate "2021.10.06"]
[SourceVersion "1"]
[SourceVersionDate "2021.10.06"]
[SourceQuality "1"]

1. d4 Nf6 2. c4 d6 3. Nc3 Nbd7 4. e4 g6 5. Be2 Bg7 6. Bg5 0-0 7. h3 c6 8. Nf3 Qc7 9. 0-0 e5 10. Qd2 exd4 11. Nxd4 Re8 12. f3 Nh5 13. Rfe1 Nc5 14. Rad1 d5 15. Be3 dxe4 16. fxe4 Ng3 17. Bf3 Be5 18. b4 Ne6 19. Nde2 Qe7 20. Rb1 Rd8 21. Qc1 Rd3 22. Rd1 Nxe2+ 23. Nxe2 Rxd1+ 24. Qxd1 a5 25. b5 Qa3 26. Qd2 Qe7 27. Rd1 Qb4 28. Bh6 Qxd2 29. Rxd2 g5 30. Bg4 f6 31. h4 gxh4 32. Bh5 Bc7 33. Bg4 Kf7 34. Bh5+ Ke7 35. Be3 Ng5 36. c5 Ke6 37. Bg4+ Kf7 38. Bh5+ Kg7 39. Bf3 h3 40. b6 h2+ 41. Kh1 Be5 42. Rd8 Nxf3 43. gxf3 Bg4 0-1

[Event "Niederoesterreich Landesliga 0910"]
[Site "Austria"]
[Date "2009.10.04"]
[Round "2"]
[White "Matevosyan, Andy"]
[Black "Mlynek, Petr"]
[Result "1/2-1/2"]
[WhiteElo "2182"]
[BlackElo "2189"]
[PlyCount "101"]
[EventDate "2009.09.06"]
[EventType "team-tourn"]
[EventRounds "11"]
[EventCountry "AUT"]
[SourceTitle "EXT 2022"]
[Source "ChessBase"]
[SourceDate "2021.10.06"]
[SourceVersion "1"]
[SourceVersionDate "2021.10.06"]
[SourceQuality "1"]

1. e4 c6 2. d4 d5 3. Nc3 dxe4 4. Nxe4 Nd7 5. Nf3 Ngf6 6. Ng3 e6 7. Bd3 c5 8. 0-0 cxd4 9. Nxd4 Bc5 10. Nb3 Be7 11. Qe2 0-0 12. c4 b6 13. Bf4 Bb7 14. Rfd1 Re8 15. Rac1 Qc8 16. Bd2 Qc7 17. Bc3 Rad8 18. Nd4 Ne5 19. Bb1 Ng6 20. f3 Nf4 21. Qf1 a5 22. a3 Ba6 23. Nb5 Bc5+ 24. Kh1 Bxb5 25. cxb5 Qe7 26. Ne4 Nxe4 27. Bxe4 Rxd1 28. Rxd1 Rd8 29. b4 axb4 30. axb4 Bd6 31. g3 Ng6 32. f4 Bc7 33. Rxd8+ Qxd8 34. Qa1 f6 35. Qa8 Qxa8 36. Bxa8 Ne7 37. Kg2 Nd5 38. Bd2 Bd6 39. f5 Kf7 40. Bxd5 exd5 41. Be3 Bc7 42. g4 Ke7 43. Bd4 Kd7 44. h4 Bd8 45. Kf3 Ke7 46. g5 Kd7 47. h5 fxg5 48. Bxg7 Ke8 49. Ke3 Kf7 50. Be5 h6 51. Bd4 1/2-1/2

[Event "Niederoesterreich Landesliga 0708"]
[Site "Austria"]
[Date "2008.02.24"]
[Round "9"]
[White "Matevosyan, Andy"]
[Black "Hansen, Kay"]
[Result "1/2-1/2"]
[WhiteElo "2010"]
[BlackElo "2193"]
[PlyCount "119"]
[EventDate "2007.09.16"]
[EventType "team-tourn"]
[EventRounds "13"]
[EventCountry "AUT"]
[SourceTitle "EXT 2022"]
[Source "ChessBase"]
[SourceDate "2021.10.06"]
[SourceVersion "1"]
[SourceVersionDate "2021.10.06"]
[SourceQuality "1"]

1. e4 c6 2. d4 d5 3. Nc3 b5 4. a3 a6 5. Nf3 Bg4 6. Be2 e6 7. 0-0 Nf6 8. Ne5 Bxe2 9. Qxe2 Qb6 10. exd5 cxd5 11. Bg5 Be7 12. Rfd1 0-0 13. Rd3 Ra7 14. Rh3 Nbd7 15. Rd1 Rc8 16. Na2 Nxe5 17. Bxf6 Ng6 18. Be5 Nxe5 19. dxe5 Rc4 20. Rdd3 Re4 21. Rde3 Qd4 22. Rxe4 dxe4 23. Nc3 Rd7 24. Re3 Qxe5 25. Rxe4 Qg5 26. Qe3 Qf5 27. h3 g6 28. Qb6 Bc5 29. Qb8+ Kg7 30. Rf4 Qxc2 31. Qe5+ Kg8 32. Ne4 Be7 33. Nf6+ Bxf6 34. Qxf6 Qc7 35. h4 Qd8 36. Qc3 Rd3 37. Qe5 h5 38. Kh2 Rd5 39. Qc3 Qd6 40. g3 Qd7 41. a4 e5 42. Re4 Qd6 43. axb5 axb5 44. Re2 Qc5 45. Qe1 Qd4 46. Kg2 Kg7 47. Kh2 Kf6 48. Qa5 b4 49. Qa6+ Kg7 50. Kg2 Rc5 51. Qb7 Rd5 52. Qb8 e4 53. Qe8 Re5 54. Qb8 Re6 55. Qb7 Qc4 56. Re3 Rc6 57. b3 Qc5 58. Rxe4 Qb6 59. Qe7 Rd6 60. Re3 1/2-1/2

[Event "Niederoesterreich Landesliga 0708"]
[Site "Austria"]
[Date "2007.12.16"]
[Round "7"]
[White "Thoma, Wilhelm"]
[Black "Matevosyan, Andy"]
[Result "1/2-1/2"]
[WhiteElo "2090"]
[BlackElo "2010"]
[PlyCount "84"]
[EventDate "2007.09.16"]
[EventType "team-tourn"]
[EventRounds "13"]
[EventCountry "AUT"]
[SourceTitle "EXT 2022"]
[Source "ChessBase"]
[SourceDate "2021.10.06"]
[SourceVersion "1"]
[SourceVersionDate "2021.10.06"]
[SourceQuality "1"]

1. d4 Nf6 2. Nf3 b6 3. g3 Bb7 4. Bg2 e6 5. 0-0 d5 6. c4 Be7 7. Nc3 0-0 8. cxd5 exd5 9. Qc2 Nbd7 10. Rd1 Rc8 11. Nb5 c5 12. Nxa7 Ra8 13. Nb5 Ra5 14. a4 Bc6 15. Bd2 Ra6 16. Bf4 Ra5 17. b4 Ra8 18. dxc5 Bxb5 19. axb5 Rxa1 20. Rxa1 bxc5 21. bxc5 Bxc5 22. Ra6 Ne4 23. e3 Nb8 24. Ra1 Qb6 25. Rd1 Nd7 26. Rxd5 Nef6 27. Rd1 Qxb5 28. Bh3 Nb6 29. Rb1 Qa5 30. Ne5 Nbd5 31. Nc6 Qa3 32. Be5 Nxe3 33. fxe3 Qxe3+ 34. Kg2 Nd5 35. Bf4 Nxf4+ 36. gxf4 Re8 37. Rf1 Bd6 38. Rf3 Qe1 39. Rf2 Bxf4 40. Bd7 Qe4+ 41. Qxe4 Rxe4 42. h3 Bg5 1/2-1/2